Chicago Cubs 2025 Roster - Statistics

General Stats
  • This quiz has been taken 217 times
  • The average score is 17 of 31
Answer Stats
Jersey # Answer % Correct
4 Pete Crow-Armstrong
97%
7 Dansby Swanson
88%
30 Kyle Tucker
87%
2 Nico Hoerner
86%
8 Ian Happ
84%
27 Seiya Suzuki
84%
29 Michael Busch
80%
6 Matt Shaw
79%
18 Shota Imanaga
77%
15 Carson Kelly
76%
3 Justin Turner
69%
16 Matthew Boyd
69%
35 Justin Steele
68%
9 Miguel Amaya
66%
48 Daniel Palencia
63%
22 Cade Horton
56%
40 Brad Keller
49%
32 Ben Brown
46%
53 Colin Rea
46%
50 Jameson Taillon
46%
5 Jon Berti
46%
17 Vidal Brujan
43%
24 Caleb Thielbar
41%
20 Reese McGuire
39%
45 Drew Pomeranz
37%
55 Ryan Pressly
32%
37 Porter Hodge
30%
77 Chris Flexen
21%
92 Genesis Cabrera
12%
54 Ryan Brasier
11%
49 Tyson Miller
5%
No matching quizzes found
Score Distribution
Percent of People with Each Score
Percentile by Number Answered
Your Score History
You have not taken this quiz